Que doit-on à Napoléon ? - Click Quiz - Statistiques

Statistiques générales
  • Ce quiz a été pris 218 fois
  • Le résultat moyen est 17 sur 24
Statistiques - réponses
Hint Réponse % Correct
Le Code civil
99%
La Légion d'honneur
93%
Les préfets et sous-préfets
89%
Le premier téléphone
86%
La Déclaration des droits de l'homme et du citoyen
84%
La mort de 1,6 à 3,7% de la population européenne
83%
La création du concours Eurovision
82%
Le baccalauréat
81%
L'Arc de Triomphe
80%
Le suffrage universel
79%
La Banque de France
78%
Le Conseil d'État
77%
L'abolition de l'esclavage
76%
Le lycée
75%
L'École militaire de Saint-Cyr
73%
Le système de numérotation des rues
72%
La pyramide du Louvre
70%
Le cimetière du Père-Lachaise
64%
Le Conseil Constitutionnel
62%
L'élection d'un pape français au Vatican
57%
Les tribunaux d'appel
55%
La Sorbonne
51%
La Légion étrangère
50%
L'obélisque de la place de la Concorde
27%
Aucun quiz correspondant
Distribution des résultats
% des personnes avec chaque résultat
Percentile par nombre de réponses
Votre historique - résultats
Vous n’avez pas pris ce quiz